| 000 | 00743nam a22002297a 4500 | ||
|---|---|---|---|
| 005 | 20170124110132.0 | ||
| 010 | _a690846 | ||
| 020 | _c00.00 | ||
| 035 | _a690846 | ||
| 037 | _bCen Lib/Ret | ||
| 040 |
_aDPL _bEN |
||
| 082 |
_a658.315 _bALE |
||
| 100 |
_aAlexander, K. C. _932333 |
||
| 245 |
_aParticipative management : _cby K. C. Alexander _bthe Indian experience / |
||
| 260 |
_aNew Delhi _bShri Ram Centre For Industrial Relations And Human Resources _c1972 |
||
| 270 |
_a5 Pusa Road _bNew Delhi _e110005 |
||
| 300 |
_avi,132p. _c22cm(Hb) |
||
| 500 | _aIncludes bibliographical references and index | ||
| 650 |
_aManagement _93072 |
||
| 650 |
_aParticipative management _932334 |
||
| 942 |
_2ddc _cEN _h658.315 _mALE |
||
| 999 |
_c131637 _d131637 |
||